Špecifiká marketingu vo franšízach
Uložené v:
| Hlavný autor: | |
|---|---|
| Ďalší autori: | |
| Médium: | Rukopis Kniha |
| Jazyk: | Slovak |
| Vydavateľské údaje: |
2015
|
| Predmet: | |
| On-line prístup: | http://is.stuba.sk/zp/portal_zp.pl?podrobnosti=93714 |
| Tagy: |
Žiadne tagy, Buďte prvý, kto otaguje tento záznam!
|
MARC
| LEADER | 00000ntm a22000003a 4500 | ||
|---|---|---|---|
| 001 | stuzp47182 | ||
| 003 | SK-STU | ||
| 005 | 20160719153148.3 | ||
| 007 | ta | ||
| 008 | 150427s2015----xo-----f-mn---000-0-slo-d | ||
| 040 | |a STU |b slo | ||
| 041 | 0 | |a slo | |
| 100 | 1 | |a Špotáková, Kristína |u 902024 |4 aut |U Ústav manažmentu STU |T ÚM - Oddelenie manažmentu chemických a potravinárskych technológií |X 61894 |U R2024 |Y 408 |7 61894 | |
| 242 | 0 | 1 | |a Specifics of marketing in franchise |y eng |
| 245 | 1 | 0 | |a Špecifiká marketingu vo franšízach |
| 260 | |c 2015 | ||
| 650 | 4 | |a špecifiká marketingu |2 slo | |
| 650 | 4 | |a franchising |2 slo | |
| 650 | 4 | |a McDonald´s |2 slo | |
| 650 | 4 | |a marketing |2 slo | |
| 650 | 4 | |a franchising |2 eng | |
| 650 | 4 | |a McDonald´s |2 eng | |
| 650 | 4 | |a specifics of marketing |2 eng | |
| 650 | 4 | |a marketing |2 eng | |
| 700 | 1 | |a Špirko, Dušan |4 ths |X 1763 |7 A000001763 | |
| 856 | 4 | |u http://is.stuba.sk/zp/portal_zp.pl?podrobnosti=93714 | |
| SQL | |a stuzp47182 |b DBP |c SLO |d Špecifiká marketingu vo franšízach |e 61894 |f Špotáková, Kristína |g 902024 |h 1763 |i Špirko, Dušan |j 20150714 |k 104 |l 04 |m http://is.stuba.sk/zp/portal_zp.pl?podrobnosti=93714 |n B-AIM |o 5.2.14. automatizácia, 5.2.52. priemyselné inžinierstvo | ||